A Timac Agro Hungária Kft. áruforgalmi elemzése

Bibliographic Details
Main Author: Bodnár Mariann
Other Authors: Katz György
Format: Thesis
Kulcsszavak:műtrágyapiac
értékesítési időtényező
készletgazdálkodás
beszerzés
megoldási javaslatok
Online Access:http://dolgozattar.uni-bge.hu/506

MARC

LEADER 00000nta a2200000 i 4500
001 dolg506
005 20200403102646.0
008 141202suuuu hu om 000 hun d
040 |a BGE Dolgozattár Repozitórium  |b hun 
041 |a hu 
100 1 |a Bodnár Mariann 
245 1 2 |a A Timac Agro Hungária Kft. áruforgalmi elemzése  |c Bodnár Mariann  |h [elektronikus dokumentum] 
246 1 1 |a A Timac Agro Hungária Kft.áruforgalmi elemzése 
695 |a műtrágyapiac 
695 |a értékesítési időtényező 
695 |a készletgazdálkodás 
695 |a beszerzés 
695 |a megoldási javaslatok 
700 1 |a Katz György  |e ths 
856 4 0 |u http://dolgozattar.uni-bge.hu/506/1/A%20Timac%20Agro%20Hung%C3%A1ria%20Kft%20%C3%A1ruforgalmi%20elemz%C3%A9se%20v%C3%A9gs%C5%91%20%282%29.pdf  |z Dokumentum-elérés